000 00903naa a22002777a 4500
001 BR8703787
003 BR-BrBNA
005 20240918175819.0
007 ta
008 230509b bl.||||| |||| 00| 0 por d
040 _aBR-BrBNA
_bpor
_cBiblioteca Nacional de Agricultura
041 _a(Pt)
072 _aF01; J10
_b1610
090 _aF01 BR8703787
100 1 _aSediyama, T.
245 1 _aQualidade, colheita e armazenamento de aspargo (Asparagus officinalis L.)
260 3 _aVicosa, MG (Brasil):
_c1983.
500 _aSeminarios de Olericultura. Volume 10 Vicosa, MG (Brasil): 1983. p. 105-124 (BR8703787-AM)F01
650 _aASPARGO
650 _aCOLHEITA
650 _aARMAZENAMENTO
650 _aTEMPERATURA
773 0 _tSeminarios de Olericultura. Volume 10
_wF01 BR8703787
_gVicosa, MG (Brasil), 1983. p. 105-124
909 _a202404
_bLucia
_c55
_dLucia Elande
942 _cAM
_2AGRIS
999 _c318251
_d318251